Terms commonly used in distribution and advertising spanish and portuguese equivalents for american or english terms

Salvato in:
Dettagli Bibliografici
Natura: Libro
Lingua:inglese
spagnolo
portoghese
Pubblicazione: Basel Verlag für Recht und Gesellschaft [s.a.]
Tags: Aggiungi Tag
Nessun Tag, puoi essere il primo ad aggiungerne!!

MARC

LEADER 00000nam a2200000 4500
001 0307586
005 20250311113940.5
041 0 |a eng 
041 0 |a spa 
041 0 |a por 
044 |a CH 
245 1 0 |a Terms commonly used in distribution and advertising  |b spanish and portuguese equivalents for american or english terms 
264 1 |a Basel  |b Verlag für Recht und Gesellschaft  |c [s.a.]